| Tag |
First Indicator |
Second Indicator |
Subfields |
| LEADER |
00000cam a2200000 4500 |
| 001 |
in00000010470 |
| 005 |
20151007051357.0 |
| 008 |
720907s1954 enk 00010 eng u |
| 010 |
|
|
|a 55022844
|
| 035 |
|
|
|a (OCoLC)00401180
|
| 035 |
|
|
|9 AAA2681AM
|
| 040 |
|
|
|c OSU
|d m.c.
|d TXA
|d UtOrBLW
|
| 049 |
|
|
|a TXAS
|c [A09892443]
|
| 050 |
|
4 |
|a PR6013.O35
|b L6 1954
|
| 100 |
1 |
|
|a Golding, William,
|d 1911-1993.
|
| 245 |
1 |
0 |
|a Lord of the flies :
|b a novel /
|c by William Golding.
|
| 264 |
|
1 |
|a London :
|b Faber and Faber,
|c 1954.
|
| 300 |
|
|
|a 248 pages ;
|c 20 cm.
|
| 336 |
|
|
|a text
|b txt
|2 rdacontent
|
| 337 |
|
|
|a unmediated
|b n
|2 rdamedia
|
| 338 |
|
|
|a volume
|b nc
|2 rdacarrier
|
| 536 |
|
|
|a Cushing Library/Science Fiction copy is a gift of Bob Brittingham for the Science Fiction and Fantasy Research Collection.
|
| 999 |
|
|
|a MARS
|
| 999 |
f |
f |
|s c28ee993-75a7-30de-a9d3-8f32f05ca8cc
|i f87bd43d-ec84-3a1b-ae9e-e2743bcc5726
|t 0
|
| 952 |
f |
f |
|p noncirc
|a Texas A&M University
|b College Station
|c Cushing Memorial Library & Archives
|d Cushing: Rare Books (Does not check out)
|t 0
|e PR6013.O35 L6 1954
|h Library of Congress classification
|i unmediated -- volume
|m A14809892443
|
| 952 |
f |
f |
|p noncirc
|a Texas A&M University
|b College Station
|c Cushing Memorial Library & Archives
|d Cushing: Science Fiction (Does not check out)
|t 0
|e PR6013.O35 L6 1954
|h Library of Congress classification
|i unmediated -- volume
|
| 998 |
f |
f |
|a PR6013.O35 L6 1954
|t 0
|l Cushing: Rare Books (Does not check out)
|
| 998 |
f |
f |
|a PR6013.O35 L6 1954
|t 0
|l Cushing: Science Fiction (Does not check out)
|